100 Biggest Cities of Lithuania on a Map - Statistics

General Stats
  • This quiz has been taken 387 times
  • The average score is 32 of 100
Answers on the Map
Answers color-coded by a green-red scale on the quiz's map according to % correct below.
 
Answer Stats
Population City % Correct
592,156 Vilnius
100%
304,210 Kaunas
94%
159,403 Klaipėda
92%
110,463 Šiauliai
75%
86,606 Panevėžys
66%
51,353 Alytus
65%
36,704 Marijampolė
63%
18,066 Palanga
54%
27,763 Utena
54%
5,720 Trakai
50%
20,928 Ukmergė
47%
12,978 Druskininkai
45%
33,377 Mažeikiai
45%
21,216 Tauragė
45%
22,024 Telšiai
45%
23,362 Kėdainiai
44%
26,838 Jonava
41%
16,002 Šilutė
40%
19,330 Visaginas
40%
4,843 Ignalina
39%
16,927 Kretinga
38%
10,238 Biržai
37%
17,259 Plungė
37%
11,388 Rokiškis
36%
12,536 Elektrėnai
35%
5,851 Zarasai
35%
15,510 Gargždai
34%
15,518 Radviliškis
34%
6,825 Šalčininkai
34%
7,866 Varėna
34%
5,457 Kazlų Rūda
33%
2,294 Akmenė
32%
8,437 Joniškis
32%
11,455 Jurbarkas
32%
3,939 Kalvarija
32%
6,288 Pasvalys
32%
9,553 Raseiniai
32%
10,182 Vilkaviškis
32%
8,044 Naujoji Akmenė
31%
4,265 Neringa
31%
5,231 Skuodas
31%
4,292 Švenčionys
31%
8,534 Anykščiai
30%
3,817 Lazdijai
30%
5,611 Molėtai
30%
8,773 Prienai
30%
5,348 Šakiai
30%
4,605 Šilalė
30%
8,480 Kaišiadorys
29%
10,035 Garliava
28%
7,344 Kelmė
28%
6,107 Kupiškis
28%
5,650 Širvintos
28%
4,135 Vievis
28%
3,011 Birštonas
27%
4,536 Švenčionėliai
27%
10,570 Kuršėnai
26%
4,495 Nemenčinė
26%
4,487 Pakruojis
26%
3,144 Rietavas
26%
9,829 Grigiškės
25%
3,871 Kybartai
25%
9,589 Lentvaris
25%
1,540 Pagėgiai
25%
2,367 Šeduva
25%
2,734 Eišiškės
23%
1,305 Kudirkos Naumiestis
23%
4,636 Pabradė
23%
1,223 Priekulė
23%
1,218 Salantai
23%
843 Seda
23%
1,694 Vilkija
23%
2,989 Žiežmariai
23%
917 Daugai
21%
1,183 Ramygala
21%
2,150 Venta
21%
2,591 Ariogala
20%
661 Dūkštas
20%
1,176 Simnas
20%
1,022 Veisiejai
20%
1,580 Ežerėlis
19%
1,004 Jieznas
19%
963 Joniškėlis
19%
769 Obeliai
19%
1,331 Skaudvilė
19%
894 Smalininkai
19%
1,759 Tytuvėnai
19%
2,133 Viekšniai
19%
1,226 Žagarė
19%
1,218 Linkuva
18%
1,889 Rūdiškės
18%
852 Varniai
18%
990 Baltoji Vokė
17%
1,497 Gelgaudiškis
17%
470 Kavarskas
17%
688 Pandėlys
17%
875 Subačius
17%
590 Užventis
17%
764 Vabalninkas
17%
865 Virbalis
17%
No matching quizzes found
Score Distribution
Percent of People with Each Score
Percentile by Number Answered
Your Score History
You have not taken this quiz